000
00276nam a2200121 a 4500
008
101022s1981|||| d
100
1
_a
Lawrence, D.H.
245
1
0
_a
Pozemský nepokoj
260
_b
Tatran
_a
Bratislava
_c
1981
020
_c
40
041
_a
slo
044
_a
xo
_c
SK
999
_c
12023
_d
12023